00641nam a2200205Ia 4500003000900000008004100009040001600050080001600066100002600082245003800108260003800146300001500184490005400199650004100253650001500294650001200309942000700321999001500328952009200343IN-BaIIA211028s9999 xx 000 0 eng d cIIA Library a523.68bLOV aLovell, A. C. B92857 0aMeteor astronomycA. C. B. Lovell aOxfordbThe Clarendon Pressc1954 axiv, 463p. aThe International series of monographs on physics aAstronomy and astrophysics thesaurus aMeteorites aMeteors cBK c1395d1395 00104070aBANbBANcGENd0000-00-00l0o523.68/ LOVp1475r2021-11-05w0000-00-00yBK